000 00442nam a2200181Ia 4500
003 GCL
008 140319s9999 xx 000 0 eng d
040 _aGCL /
_cGCL
082 0 4 _a720.92
_bW W
100 1 _aWHINNEY, MARGARET
245 1 0 _aWREN /
_cWHINNEY, MARGARET
260 _a[S.N] :
_bTHOMES AND HUDSON ،
_c1985
300 _a216
650 0 4 _aARTS
650 0 4 _aHISTORY AND CRITICISM
650 0 4 _aBIOGRAPHIES
942 _2ddc
_cBK
999 _c17483
_d17483